000 01238cam a22003375i 4500
001 19402211
003 JO-AjAnu
005 20240611094845.0
008 161209s2017 nyu 000 0 eng
010 _a 2016962046
020 _a9783319500164
040 _aDLC
_beng
_cDLC
_erda
_dDLC
_dJO-AjAnu
041 _aENG
042 _apcc
245 0 0 _aIntroduction to data science.
_c[Sushil Dohara,.....[ect
263 _a1703
264 1 _aNew York, NY :
_bSpringer Berlin Heidelberg,
_c2023
300 _apages cm
336 _atext
_btxt
_2rdacontent
337 _aunmediated
_bn
_2rdamedia
338 _avolume
_bnc
_2rdacarrier
700 1 _aSelvakumar, v
_965444
_ejoint author
700 1 _aTharewal, sumegh shrikant
_965446
_ejoint author
700 1 _aSelvakumar, v
_965444
_ejoint author
856 4 2 _3Contributor biographical information
_uhttps://www.loc.gov/catdir/enhancements/fy1702/2016962046-b.html
856 4 2 _3Publisher description
_uhttps://www.loc.gov/catdir/enhancements/fy1702/2016962046-d.html
856 4 1 _3Table of contents only
_uhttps://www.loc.gov/catdir/enhancements/fy1702/2016962046-t.html
906 _a0
_bibc
_corignew
_d2
_eepcn
_f20
_gy-gencatlg
942 _2lcc
_cBK
_n0
999 _c33528
_d33528